| 000 | 01415 a2200253 4500 | ||
|---|---|---|---|
| 001 | 47006 | ||
| 005 | 20260407155739.0 | ||
| 008 | 260407a1992 arg spa d | ||
| 003 | AR-UNSa-BCEJYS | ||
| 040 |
_aAR-UNSa-BCEJYS _bspa _cAR-UNSa-BCEJYS |
||
| 080 |
_a330.101.541 _xMacroeconomía |
||
| 245 | 1 | 0 | _aMacroeconomía |
| 020 | _a84-85855-61-2 | ||
| 250 | _a3a. ed. | ||
| 264 | 1 |
_aBarcelona : _bAntoni Bosch _c1992 |
|
| 300 |
_axxvi, 726 p. _c22 cm. |
||
| 505 | _aParte I: Fundamentos de macroeconomía: 1. La macroeconomía - 2. Medición de los resultados económicos: la producción y la renta - 3. El seguimiento de la economía: la inflación y el empleo - 4. El modelo dl crecimiento a largo plazo - 5. La política fiscal y la política monetaria en una economía de pleno empleo - 6. Las fluctuaciones a corto plazo - 7. El modelo IS-LM - 8. El modelo completo - 9. La política macroeconómica: una primera aproximación - Parte II: Los fundamentos microeconómicos de la demanda agregada: la demanda de consumo - 11. La demanda de inversión - 12. El comercio exterior y el tipo de cambio - 13. El déficit público y la demanda agregada - 14. | ||
| 041 | _aspa | ||
| 942 | _cBK | ||
| 590 | _aniveau_biblio:m niveau_hierar:0 | ||
| 100 | 1 | _aTaylor, John B. | |
| 700 | 1 | _aHall, Robert E. | |
| 856 | 4 | 1 |
_uhttps://www.biblioeco.unsa.edu.ar/pmb/images/libros/L127372.jpg _yImagen de portada _qimage/jpeg |
| 999 |
_c4271 _d4271 |
||